00522nam a2200181Ia 4500003000900000008004100009020001800050040001600068080001200084100002200096245007800118260003700196300001300233650001400246650004100260650002600301650001300327IN-BaIIA211028s9999 xx 000 0 eng d a0-8053-3324-X cIIA Library a52bGOL aGoldsmith, Donald 4aThe universecDonald Goldsmith  aCaliforniabW. A. Benjaminc1976 ax, 416p. aAstronomy aAstronomy and astrophysics thesaurus aLarge scale structure aUniverse